00483nam a2200205Ia 450000500170000000800460001702000180006303700100008104000080009104000080009904000080010704100080011504100080012308400080013124500370013926000310017626000090020765000120021685600490022820260306150629.0008 260114s9999 xx 000 0 eng d a9780691206721 aEbook aCRL beng cCRL 2eng aeng qCRL 0aPrinciples of Physical Cosmology bPrinceton University Press c1993 aPhysics uhttps://www.degruyter.com/isbn/9780691206721